Biggest city in each state on a map - Statistics

General Stats
  • This quiz has been taken 34 times
  • The average score is 38 of 50
Answers on the Map
Answers color-coded by a green-red scale on the quiz's map according to % correct below.
 
Answer Stats
State % Correct
Chicago
100%
Detroit
100%
Honolulu
100%
New York City
100%
Los Angeles
96%
Nashville
96%
Philadelphia
96%
Seattle
96%
Atlanta
92%
Boston
92%
Houston
92%
Indianapolis
92%
Jackson
92%
Jacksonville
92%
Milwaukee
92%
Phoenix
92%
Albuquerque
88%
Anchorage
88%
Boise
88%
Denver
88%
Las Vegas
88%
Minneapolis
88%
New Orleans
88%
Portland
88%
Portland
88%
Salt Lake City
88%
Columbus
85%
Oklahoma City
85%
Omaha
81%
Charlotte
77%
Charleston
73%
Little Rock
73%
Providence
73%
Des Moines
69%
Newark
69%
Billings
65%
Louisville
65%
Virginia Beach
65%
Wichita
62%
Cheyenne
58%
St. Louis
58%
Washington
58%
Fargo
50%
Sioux Falls
50%
Burlington
42%
Columbia
38%
Manchester
38%
Bridgeport
35%
Wilmington
35%
Huntsville
31%
No matching quizzes found
Score Distribution
Percent of People with Each Score
Percentile by Number Answered
Your Score History
You have not taken this quiz